000 00463nam a22001937a 4500
003 MPLRDC
005 20220104144310.0
008 210129b ||||| |||| 00| 0 eng d
020 _a957-583-962-5
082 _a856.8 RBL
100 _a任柏良著
245 _a人生戒律, 100则世智慧小故事
_c
250 _a初版
260 _a
_b晨星出版社
_c2001
300 _b
490 _a劲草丛书;142
650 _a
942 _cBK
_o856.8 RBL
999 _c48252
_d48242